Central Library OPAC University of Rajshahi

The religious system of China : (Record no. 32165)

MARC details
000 -LEADER
fixed length control field 01644cam a2200313 i 4500
001 - CONTROL NUMBER
control field 32165
003 - CONTROL NUMBER IDENTIFIER
rucl marc code BD-RjUL
005 - DATE AND TIME OF LATEST TRANSACTION
control field 20211209051809.0
008 - FIXED-LENGTH DATA ELEMENTS--GENERAL INFORMATION
fixed length control field 140424r19761892ch b 000 0 eng d
035 ## - SYSTEM CONTROL NUMBER
System control number (BD-RjUL)32254
040 ## - CATALOGING SOURCE
Original cataloging agency BD-RjUL
Language of cataloging eng
Transcribing agency BD-RjUL
Modifying agency BD-RjUL
041 ## - LANGUAGE CODE
Language code of text/sound track or separate title eng
082 ## - DEWEY DECIMAL CLASSIFICATION NUMBER
Classification number 299.51
Author mark and year GRR V-3 BK-1 (Pt.-3) 1976
100 10 - MAIN ENTRY--PERSONAL NAME
Personal name Groot, J. J. M. de
Fuller form of name (Jan Jakob Maria),
Dates associated with a name 1854-1921.
9 (RLIN) 97879
245 14 - TITLE STATEMENT
Title The religious system of China :
Remainder of title its ancient forms, evolution, history and present aspect, manners, customs and social institutions connected therewith /
Statement of responsibility, etc. by J.J.M. de Groot.
Number of part/section of a work Volume III.
-- Book I :
Name of part/section of a work Disposal of the dead.
Number of part/section of a work Part III :
Name of part/section of a work The grave (second half).
260 0# - PUBLICATION, DISTRIBUTION, ETC. (IMPRINT)
Place of publication, distribution, etc. Taipei :
Name of publisher, distributor, etc. Ch'eng Wen Publishing Company,
Date of publication, distribution, etc. 1892 [Reprinted 1976.]
300 ## - PHYSICAL DESCRIPTION
Pagination 829-1466 p.), l:
Illustrations ill. ;
Size 20 cm.
500 ## - GENERAL NOTE
General note "Published with a subvention from the Dutch colonial government".
General note "Reprinted by Ch'eng Wen publishing company, Taipei 1972".
General note Volumes 1-3 and 4-6 paged continuously.
504 ## - BIBLIOGRAPHY, ETC. NOTE
Bibliography, etc Includes bibliographical references.
505 0# - FORMATTED CONTENTS NOTE
Formatted contents note v. 1-3. Book 1. Disposal of the dead: pt. 1. Funeral rites -- pt. 2. The ideas of resurrection -- pt. 3. The grave (second half) -- v. 4-6. Book 2. On the soul and ancestral worship: pt. 1. The soul in philosophy and folk-conception -- pt. 2. Demonology -- pt. 3. Sorcery -- pt. 4. The war against spectres -- pt. 5. The priesthood of Animism.
650 #0 - SUBJECT ADDED ENTRY--TOPICAL TERM
Topical term or geographic name as entry element Ancestor worship.
9 (RLIN) 97894
Topical term or geographic name as entry element Burial.
9 (RLIN) 97895
Topical term or geographic name as entry element Demonology.
9 (RLIN) 97896
Topical term or geographic name as entry element Witchcraft
Geographic subdivision China.
9 (RLIN) 97735
651 #0 - SUBJECT ADDED ENTRY--GEOGRAPHIC NAME
Geographic name China
General subdivision Religion.
9 (RLIN) 97897
942 ## - ADDED ENTRY ELEMENTS (KOHA)
Source of classification or shelving scheme Dewey Decimal Classification
Koha item type Books
Holdings
Lost status Source of classification or shelving scheme Damaged status Not for loan Collection code Permanent Location Current Location Shelving location Date acquired Source of acquisition Total Checkouts Full call number Date last seen Copy number Koha item type
  Dewey Decimal Classification   Not For Loan Non-fiction Central Library, University of Rajshahi Central Library, University of Rajshahi Reading Room 10/04/1980 Netherland..   299.51 GRR V-3 BK-1(Pt.-3) 1976 24/04/2014 C-1 Books